000 00447nam a2200145Ia 4500
008 170221s9999 xx 000 0 und d
100 _aChien-Chung Chen
245 _aDetermining optimal scales in studies of JPSSM
245 _cChien-Chung Chen, Stillman College.
260 _bJournal of Management and Marketing Research
260 _c2014
300 _a3 : 3
650 _xBusiness
856 _uhttp://www.aabri.com/manuscripts/121260.pdf
999 _c313244
_d313244